000 00766nam a2200229 a 4500
999 _c12301
_d12301
001 12301
003 BD-JhCC
005 20210926092439.0
008 210926b2021 bg |||| ||a| 000 0 ben d
020 _a9789849523215
035 _a(BD-JhCC)12301
040 _aBD-JhCC
_dBD-JhCC
041 _aBengali
082 _a340.0243
_bALM 2021
100 _aআলম,মাহমুদ জাহাঙ্গীর
245 _aদৈনন্দিন জীবনের প্রয়োজনীয় আইন /
_cমাহমুদ জাহাঙ্গীর আলম ।
260 _aঢাকা:
_bতৃনলতা প্রকাশ;
_c২০২১.
300 _a336 p. :
_c22 cm.
651 _aLaw social work
942 _2ddc
_cBK